| 000 | 00469nam a2200193Ia 4500 | ||
|---|---|---|---|
| 003 | OSt | ||
| 005 | 20230503143900.0 | ||
| 008 | 210423s2004 xx 000 0 und d | ||
| 040 | _cAL | ||
| 041 | _aeng | ||
| 082 | _a574.87322 KHAD | ||
| 100 |
_aKHANNA (D R). _997165 |
||
| 245 | _aMolecular embryology. | ||
| 260 |
_aNew Delhi _bDiscovery Publishing House _c2004 |
||
| 300 | _a369 | ||
| 365 |
_b750 _cINR |
||
| 906 | _aembryology. ; Molecular | ||
| 942 |
_2ddc _cBK |
||
| 999 |
_c163111 _d163111 |
||